| 000 | 00739nam a2200181 a 4500 | ||
|---|---|---|---|
| 005 | 20241203063735.0 | ||
| 008 | 040910s1999 mx r 000 0 spa d | ||
| 035 | _aUPN01000134666 | ||
| 049 | _aCG | ||
| 050 | 4 |
_aLB1719 M6 _bC3.5 |
|
| 245 | 0 | 0 |
_aCarrera magisterial : _bsegundo ciclo primera vertiente : temario desarrollado para orientar el examen del factor preparación profesional : materiales de estudio / _cManuel Quiles Cruz ... [et al.]. |
| 260 |
_aMéxico : _bTrabajos Manuales Escolares, _c1999. |
||
| 300 | _aviii, 296 p. | ||
| 650 | 4 |
_aMaestros _xFormación profesional _zMéxico _9796 |
|
| 650 | 4 |
_aMaestros _xFormacion profesional _vPlanes y programas _9813 |
|
| 700 | 1 |
_aQuiles Cruz, Manuel _ecoaut. _929588 |
|
| 905 | _aLibro | ||
| 999 |
_c106817 _d106817 |
||